| 000 | 00417nam a2200145 i 4500 | ||
|---|---|---|---|
| 001 | 99843 | ||
| 003 | ES-MaACL | ||
| 007 | t| | ||
| 008 | 050919s1975 sp ||||1| spa d | ||
| 100 | 1 |
_aMartÃnez Garrido, Alfonso. _978114 |
|
| 245 | 1 | 0 |
_aVietnam no era una fiesta / _cAlfonso MartÃnez Garrido. |
| 260 |
_aMadrid : _bMirasierra, _c1975. |
||
| 300 |
_a93 p. : _bil. ; _c24 cm. |
||
| 852 |
_aES-MaACL _jE-7815 _bR.92315 |
||
| 999 |
_c99843 _d99843 |
||